000 00906ncm a2200289 c 4500
999 _c352753
_d352753
003 BLK
005 20230821165726.0
008 180414b bul |a|er|||| |0| c|bulo|
010 _aNOT00002676000
040 _aBLK
041 _aRUS
_cRUS
080 _aКларинет, баскларинет, басетхорн
_b788.6
_z788.6
245 1 0 _aЕтюди для кларнета
_bУчбовий репертуар музичних училищ
254 _aКлавир
257 _aRUS
260 _bМузична Украiна
_c1968
_9404225
_aКиев
300 _a136 с.
_c29 см
_eщим 7 с.
380 _a7
650 0 _aКларинет - етюди, гами
_9353811
653 _aкларинети
653 _aпиеси
852 _aЦб М ІІ 8719
_p7
856 4 _qpdf
_u
856 4 _qpdf
_u
942 _cNOT
_n0
_s1
_01
944 _aCR
_c2020-04-08
_k30542
_lРусанова Ирена